Africa by Capitals and Borders in 15 Seconds - Statistics

General Stats
  • This quiz has been taken 2,212 times
  • The average score is 27 of 54
Answers on the Map
Answers color-coded by a green-red scale on the quiz's map according to % correct below.
 
Answer Stats
Country % Correct
Libya
91%
Sudan
86%
South Sudan
79%
Algeria
78%
Niger
78%
D. R. Congo
77%
Central African Republic
76%
Tanzania
75%
Uganda
75%
Rep. of the Congo
73%
Egypt
72%
Mauritania
72%
Zambia
72%
Angola
71%
Botswana
71%
Mali
71%
Mozambique
71%
South Africa
71%
Zimbabwe
71%
Namibia
69%
Rwanda
66%
Swaziland
66%
Burundi
65%
Chad
65%
Lesotho
65%
Ethiopia
59%
Morocco
59%
Tunisia
58%
Kenya
53%
Burkina Faso
50%
Nigeria
50%
Cameroon
49%
Somalia
47%
Benin
45%
Cote d'Ivoire
43%
Eritrea
42%
Guinea
41%
Senegal
38%
Djibouti
37%
Ghana
32%
Togo
31%
Guinea-Bissau
24%
Gambia
18%
Malawi
18%
Gabon
17%
Liberia
16%
Sierra Leone
16%
Equatorial Guinea
11%
Madagascar
6%
Cape Verde
4%
Sao Tome and Principe
4%
Seychelles
4%
Comoros
3%
Mauritius
1%
No matching quizzes found
Score Distribution
Percent of People with Each Score
Percentile by Number Answered
Your Score History
You have not taken this quiz